| 000 | 00657nam a22001337a 4500 | ||
|---|---|---|---|
| 040 | _cRUA | ||
| 082 | _aAGR TOU 2015 B516 Or.1 | ||
| 100 | _aTOUCH SOVANTHIDA; ទូច សុវណ្ណធីតា | ||
| 245 | _aEffect of weed management on celey cabbage at royal university of agriculture; ឥទ្ធិពលនៃការគ្រប់គ្រងស្មៅចង្រៃលើដំណាំស្ពៃចង្កឹះនៅក្នុងសាកលវិទ្យាល័យភូមិន្ទកសិកម្ម | ||
| 260 |
_aPhnom Penh _bRUA _c2015 |
||
| 300 |
_axi; 49p; _bill; _c29cm; |
||
| 856 | _uTOUCH SOVANTHIDA | ||
| 942 | _cAGR | ||
| 999 |
_c10542 _d10542 |
||